000 00921nam a22003137a 4500
001 BR8003750
003 BR-BrBNA
005 20230928090634.0
007 ta
008 230509b bl.||||| |||| 00| 0 por d
040 _aBR-BrBNA
_bpor
_cBiblioteca Nacional de Agricultura
041 _a(Por)
072 _aE30; L00
_b5240
_b5250
_b/G514
090 _ 5240 BR8003750
110 1 _aFundacao Estadual de Planejamento Agricola do Rio Grande do Norte, Natal (Brasil)
_94891
245 1 _aProjeto de apoio a caprino-ovinocultura do Rio Grande do Norte [Brasil]
260 3 _aNatal, RN (Brasil):
_c1980.
300 _a13 p.
650 _aDesenvolvimento agricola
650 _aProducao animal
650 _aPolitica economica
650 _aPecuaria
650 _aOvino
650 _aOvinocultura
650 _aCaprino
650 _aRio Grande do Norte
909 _a202309
_bLucia
_c55
_dLucia Elande
942 _cBK
999 _c29773
_d29773